Statistics for Monarchs of England, Great Britain, and the UK

Click here to take the quiz!

General Stats

  • This quiz has been taken 1,091 times
  • The average score is 37 of 45

Answer Stats

Royal HouseReignAnswer% Correct
House of Tudor1558 to 1603Elizabeth I
93%
House of Normandy1066 to 1087William I
93%
House of Normandy1100 to 1135Henry I
92%
House of Anjou/Angevin1154 to 1189Henry II
92%
House of Lancaster1413 to 1422Henry V
92%
House of Windsor1953 to presentElizabeth II
91%
House of Hanover1714 to 1727George I
91%
House of Lancaster1422 to 1461 (first reign)Henry VI
91%
House of Lancaster1470 to 1471 (second reign)Henry VI
91%
House of Tudor1485 to 1509Henry VII
91%
House of Plantagenet1272 to 1307Edward I
90%
House of Hanover1727 to 1760George II
90%
House of Plantagenet1216 to 1272Henry III
90%
House of Tudor1509 to 1547Henry VIII
90%
House of Normandy1087 to 1100William II
90%
House of Plantagenet1307 to 1327Edward II
89%
House of Hanover1760 to 1820George III
89%
House of Plantagenet1327 to 1377Edward III
88%
House of York1483Edward V
88%
House of Tudor1547 to 1553Edward VI
88%
House of Lancaster1399 to 1413Henry IV
88%
House of Windsor1910 to 1936George V
87%
House of York1461 to 1470 (first reign)Edward IV
86%
House of York1471 to 1483 (second reign)Edward IV
86%
House of Hanover1820 (Prince Regent since 1811) to 1830George IV
86%
House of Stuart1625 to 1649Charles I
85%
House of Tudor1553 to 1558Mary I
85%
House of Orange-Nassau1689 to 1702 (married to above)William III
85%
House of Stuart1660 to 1685Charles II
84%
House of Saxe-Coburg and Gotha1901 to 1910Edward VII
84%
House of Windsor1936 to 1953 (younger brother of above)George VI
84%
House of Hanover1837 to 1901Victoria
84%
House of Windsor1936 (abdicated)Edward VIII
82%
House of Stuart1603 to 1625James I
82%
House of Anjou/Angevin1189 to 1199Richard I
82%
House of Stuart1685 to 1688James II
80%
House of Plantagenet1377 to 1399Richard II
79%
House of York1483 to 1485Richard III
77%
House of Anjou/Angevin1199 to 1216John Lackland
76%
House of Stuart1689 to 1694Mary II
73%
House of Hanover1830 to 1837William IV
73%
House of Stuart1702 to 1714Anne
72%
House of Blois1135 to 1154Stephen
68%
House of Habsburg1584 to 1558 (married to above)Philip
43%
House of Anjou/Angevin1170 to 1183 (crowned co-ruler with above)Henry the Young King
13%

Score Distribution

Percentile by Number Answered

Percent of People with Each Score

Your Score History

You have not taken this quiz